000
00267nam a22001217a 4500
082
_a
297
100
_a
Bukhari, A.S.
245
_a
Islamic Education
260
_a
Lahore :
_b
Aziz Book Dept,
_c
2009.
300
_a
495 p. ;
_b
21 cm.
500
_a
Paperback.
942
_c
BK
999
_c
34129
_d
34129